La maravillosa vida de los animales (Registro nro. 65142)

Detalles MARC
000 -LEADER
campo de control de longitud fija 00632nam a2200181 i 4500
001 - NÚMERO DE CONTROL
campo de control 65142
003 - IDENTIFICADOR DE NÚMERO DE CONTROL
campo de control ES-MaACL
005 - FECHA Y HORA DE LA ÚLTIMA TRANSACCIÓN
campo de control 20230906165315.0
007 - CAMPO FIJO DE DESCRIPCIÓN FÍSICA--INFORMACIÓN GENERAL
campo de control de longitud fija t|
008 - DATOS DE LONGITUD FIJA--INFORMACIÓN GENERAL
campo de control de longitud fija 040109s1957 sp ||||1| spa d
100 1# - ENTRADA PRINCIPAL--NOMBRE DE PERSONA
Nombre de persona Francé, Raoul Heinrich.
9 (RLIN) 52136
245 13 - MENCIÓN DEL TÍTULO
Título La maravillosa vida de los animales
Resto del título : una zoología para todos /
Mención de responsabilidad, etc. R.H. Francé ; versión española por Julio Gadez.
250 ## - MENCION DE EDICION
Mención de edición 2ª ed., 1ª reimp.
260 ## - PUBLICACIÓN, DISTRIBUCIÓN, ETC.
Lugar de publicación, distribución, etc. Barcelona :
Nombre del editor, distribuidor, etc. Labor,
Fecha de publicación, distribución, etc. [1957] (
Fabricante Talls. Gráfs. Ibero-Américanos)
300 ## - DESCRIPCIÓN FÍSICA
Extensión VIII, 402 p., 32 lám. :
Otras características físicas il. ;
Dimensiones 22 cm.
700 1# - ENTRADA AGREGADA--NOMBRE PERSONAL
Nombre de persona Gadez, Julio.
9 (RLIN) 53195
852 ## - LOCALIZACIÓN
Ubicación ES-MaACL
Número de control de estantería C-12250
Sublocalización o colección R.40192
Existencias
Estatus retirado Estado de pérdida Estado de daño No para préstamo Biblioteca de origen Biblioteca actual Ubicación en estantería Fecha de adquisición Fuente de adquisición Total de préstamos Signatura topográfica completa Código de barras Visto por última vez Precio de reemplazo Tipo de ítem Koha
        Biblioteca del Ateneo de Madrid Biblioteca del Ateneo de Madrid Sala Palomar 17/01/2008     C-12250 1068252 23/02/2023 23/02/2023 Libro impreso